000
00194nam a2200085Ia 4500
008
170620s9999 xx 000 0 und d
100
_a
Mulla
245
0
_a
Principles of Mohamedan Law
260
_b
Lexis Nexis
260
_c
2006
999
_c
29025
_d
29025